| 000 | 00928fam a2200265 a 4500 | ||
|---|---|---|---|
| 005 | 20260322212027.0 | ||
| 008 | data | ||
| 010 | _a 92012935 | ||
| 020 | _a0520080297 (alk. paper) | ||
| 020 | _a9780520080294 (alk. paper) | ||
| 040 |
_aDLC _cDLC _dCtY |
||
| 050 | 0 | 0 |
_aBF109.F74 _bR64 1993 |
| 100 | 1 |
_aRobinson, Paul A., _d1940- |
|
| 245 | 1 | 0 |
_aFreud and his critics / _cPaul A. Robinson. |
| 260 |
_aBerkeley : _bUniversity of California Press, _cc1993. |
||
| 300 |
_a281 p. ; _c22 cm. |
||
| 504 | _aIncludes bibliographical references and index. | ||
| 590 | _aIncludes bibliographical references and index. | ||
| 600 | 1 | 0 |
_aFreud, Sigmund, _d1856-1939. |
| 600 | 1 | 0 |
_aSulloway, Frank J. _xViews on psychoanalysis. |
| 600 | 1 | 0 |
_aMasson, J. Moussaieff _q(Jeffrey Moussaieff), _d1941- _xViews on psychoanalysis. |
| 600 | 1 | 0 |
_aGrünbaum, Adolf _xViews on psychoanalysis. |
| 650 | 0 |
_aPsychoanalysis _xHistory. _xHistory. |
|
| 001 | data | ||
| 999 |
_c607 _d607 |
||